Doctrina pública (Registro nro. 8810)

Detalles MARC
000 -LEADER
fixed length control field 00742nas a2200253 454500
001 - CONTROL NUMBER
control field 37265
005 - DATE AND TIME OF LATEST TRANSACTION
control field 20260407193509.0
008 - FIXED-LENGTH DATA ELEMENTS--GENERAL INFORMATION
fixed length control field 260407s2004####ag###########|||spa#d
003 - CONTROL NUMBER IDENTIFIER
control field AR-UNSa-BCEJYS
040 ## - CATALOGING SOURCE
Original cataloging agency AR-UNSa-BCEJYS
Language of cataloging spa
Transcribing agency AR-UNSa-BCEJYS
080 ## - UNIVERSAL DECIMAL CLASSIFICATION NUMBER
Universal Decimal Classification number 35
Common auxiliary subdivision Administración Pública
041 ## - LANGUAGE CODE
Language code of text/sound track or separate title spa
100 1# - MAIN ENTRY--PERSONAL NAME
Personal name Mertehikian, Eduardo
245 10 - TITLE STATEMENT
Title Doctrina pública
264 #1 - PRODUCTION, PUBLICATION, DISTRIBUTION, MANUFACTURE, AND COPYRIGHT NOTICE
Place of production, publication, distribution, manufacture Buenos Aires :
Name of producer, publisher, distributor, manufacturer Ediciones Rap
Date of production, publication, distribution, manufacture, or copyright notice 2004
310 ## - CURRENT PUBLICATION FREQUENCY
Current publication frequency Frecuencia: Semestral
590 ## - LOCAL NOTE (RLIN)
Local note niveau_biblio:s niveau_hierar:1
650 ## - SUBJECT ADDED ENTRY--TOPICAL TERM
Topical term or geographic name entry element ADMINISTRACION PUBLICA
650 ## - SUBJECT ADDED ENTRY--TOPICAL TERM
Topical term or geographic name entry element Derecho
650 ## - SUBJECT ADDED ENTRY--TOPICAL TERM
Topical term or geographic name entry element JURISPRUDENCIA
650 ## - SUBJECT ADDED ENTRY--TOPICAL TERM
Topical term or geographic name entry element DOCTRINA
856 41 - ELECTRONIC LOCATION AND ACCESS
Uniform Resource Identifier <a href="https://170.210.207.44/pmb/images/revistas/R19456.jpg">https://170.210.207.44/pmb/images/revistas/R19456.jpg</a>
Link text Imagen de portada
Electronic format type image/jpeg
942 ## - ADDED ENTRY ELEMENTS (KOHA)
Koha item type
Existencias
Withdrawn status Lost status Damaged status Not for loan Home library Current library Shelving location Date acquired Serial enumeration / chronology Total checkouts Full call number Barcode Date last seen Price effective from Koha item type
        Biblioteca Prof. Eusebio Cleto del Rey Biblioteca Prof. Eusebio Cleto del Rey   01/07/2006 Nº XXVIII-2 - jul./dic. 2006   H35 DOP 28/2 R19456 10/04/2026 10/04/2026 Numero
        Biblioteca Prof. Eusebio Cleto del Rey Biblioteca Prof. Eusebio Cleto del Rey   01/07/2005 Nº XXVII-2 - jul./dic. 2005   H35 DOP 27/2 R19455 10/04/2026 10/04/2026 Numero
        Biblioteca Prof. Eusebio Cleto del Rey Biblioteca Prof. Eusebio Cleto del Rey   01/01/2005 Nº XXVII-1 - ene./jun. 2005   H35 DOP 27/1 R19454 10/04/2026 10/04/2026 Numero
        Biblioteca Prof. Eusebio Cleto del Rey Biblioteca Prof. Eusebio Cleto del Rey   01/07/2004 Nº XXVI-2 - jul./dic. 2004   H35 DOP 26/2 R19453 10/04/2026 10/04/2026 Numero
        Biblioteca Prof. Eusebio Cleto del Rey Biblioteca Prof. Eusebio Cleto del Rey   01/01/2004 Nº XXVI-1 - ene./jun. 2004   H35 DOP 26/1 R19447 10/04/2026 10/04/2026 Numero